| 000 | 01326nam a2200361 i 4500 | ||
|---|---|---|---|
| 001 | 7775 | ||
| 003 | ES-MaACL | ||
| 005 | 20251210174122.0 | ||
| 008 | 910502s1989 sp ||||1| spa d | ||
| 020 | _a84-7075-098-4 | ||
| 020 | _a84-279-8012-4 | ||
| 080 | _a91(461.2) | ||
| 080 | _a9(461.2) | ||
| 080 | _a7(461.2-81) | ||
| 245 | 0 | 0 | _aAsturias. |
| 260 |
_aMadrid : _bFundación Juan March : _b; Barcelona : Noguer, _c1989. |
||
| 300 |
_a378 p. : _bil. ; _c30 cm. |
||
| 490 | 1 | _aTierras de España | |
| 505 | 0 | _aIntroducción geográfica / Francisco Quirós Linares. Introducción histórica / Eloy Benito Ruano. Introducción literaria / Emilio Alarcos Llorach. Arte / Carlos Cid Priego | |
| 650 |
_aLiteratura española- _zAsturias (Comunidad Autónoma)- _xHistoria y crítica. _914543 |
||
| 650 | 4 |
_aArte- _zAsturias (Comunidad Autónoma) _9171015 |
|
| 651 | 4 |
_aAsturias (Comunidad Autónoma)- _xDescripción. _97830 |
|
| 700 | 1 |
_aQuirós Linares, Francisco. _994795 |
|
| 700 |
_aAlarcos Llorach, Emilio _9242618 |
||
| 700 | 1 |
_aBenito Ruano, Eloy. _927689 |
|
| 700 | 1 |
_aCid Priego, Carlos. _938772 |
|
| 710 | 2 |
_aFundación Juan March _94346 |
|
| 710 | 1 |
_a _9242593 |
|
| 830 | 1 |
_aTierras de España _9177948 |
|
| 852 |
_aES-MaACL _jC-10420 _z-Enc. tela |
||
| 942 | _2udc | ||
| 999 |
_c7775 _d7775 |
||